[Event "9th Asian Continental w"]
[Site "Olongapo City PHI"]
[Date "2010.04.21"]
[Round "1"]
[White "Kiran,M"]
[Black "Ju Wenjun"]
[Result "1/2-1/2"]
[WhiteElo "2259"]
[BlackElo "2500"]
[EventDate "2010.04.21"]

1. e4 c5 2. Nf3 d6 3. d4 cxd4 4. Nxd4 Nf6 5. Nc3 a6 6. Bg5 e6 7. f4 Qb6 8.
Qd3 Qxb2 9. Rb1 Qa3 10. f5 Be7 11. fxe6 fxe6 12. Be2 Qc5 13. Be3 Qc7 14.
O-O O-O 15. Qc4 Qd7 16. Qb3 b5 17. a4 Nc6 18. axb5 Nxd4 19. Bxd4 axb5 20.
Bxb5 Qb7 21. Bc4 Qxb3 22. cxb3 Kf7 23. Na4 Ba6 24. Nb6 Bxc4 25. bxc4 Rab8
26. e5 dxe5 27. Nd7 exd4 28. Rxb8 Rxb8 29. Nxb8 e5 30. Nc6 Bd6 31. c5 Bxc5
32. Nxe5+ Ke6 33. Nd3 Bd6 34. h3 Kd5 35. Rd1 Ne4 36. g4 Nc3 37. Rd2 Be7 38.
Kg2 Bd6 39. Rf2 Ke4 40. Nc5+ Ke3 41. Rf3+ Ke2 42. Rf2+ Ke3 43. Rf3+ Ke2 44.
Rf2+ 1/2-1/2

[Event "9th Asian Continental w"]
[Site "Olongapo City PHI"]
[Date "2010.04.21"]
[Round "1"]
[White "Tan Zhongyi"]
[Black "Hoang Thi Nhu Y"]
[Result "1-0"]
[WhiteElo "2464"]
[BlackElo "2200"]
[EventDate "2010.04.21"]

1. d4 Nf6 2. c4 e6 3. Nf3 b6 4. Nc3 Bb7 5. Bg5 Be7 6. Qc2 d5 7. e3 O-O 8.
Bxf6 Bxf6 9. cxd5 exd5 10. Bd3 g6 11. O-O Re8 12. Rfd1 c6 13. Rac1 Nd7 14.
b4 Qc8 15. Qb3 Nf8 16. Bf1 Qd7 17. g3 Qf5 18. Bg2 Ne6 19. a4 Rad8 20. a5 b5
21. Ne2 g5 22. h3 Ba6 23. g4 Qg6 24. Ng3 Ng7 25. Qc2 Qxc2 26. Rxc2 h6 27.
Ne1 Be7 28. Nd3 Bd6 29. Nc5 Bc8 30. e4 Bf8 31. Nd3 dxe4 32. Nxe4 Re6 33.
Ndc5 Rg6 34. Rcd2 f5 35. gxf5 Nxf5 36. d5 cxd5 37. Rxd5 Rxd5 38. Rxd5 Be7
39. Bf3 Nd6 40. Bh5 1-0

[Event "9th Asian Continental w"]
[Site "Olongapo City PHI"]
[Date "2010.04.21"]
[Round "1"]
[White "Wang Jue"]
[Black "Sachdev,T"]
[Result "1-0"]
[WhiteElo "2180"]
[BlackElo "2393"]
[EventDate "2010.04.21"]

1. e4 e5 2. Nf3 Nc6 3. Bb5 a6 4. Ba4 Nf6 5. d3 d6 6. c3 Be7 7. Nbd2 O-O 8.
O-O b5 9. Bc2 Nd7 10. a4 Bb7 11. b4 Bf6 12. Bb2 Re8 13. Bb3 Nf8 14. Bd5 Rb8
15. Qb3 Qd7 16. Rfd1 Ng6 17. Nf1 Nf4 18. Ne3 g6 19. Qc2 Nxd5 20. Nxd5 Bg7
21. c4 Ne7 22. Ne3 bxc4 23. Qxc4 Bc6 24. Qb3 Qe6 25. Qxe6 fxe6 26. Nc2 h6
27. h4 Bf6 28. Kf1 Nc8 29. a5 Bd7 30. Bc3 Na7 31. Re1 Nb5 32. Bd2 Kg7 33.
Na3 Rec8 34. Nc4 Nd4 35. Nxd4 exd4 36. g3 d5 37. e5 Be7 38. Na3 Bxb4 39.
Bxb4 Rxb4 40. Nc2 Rb7 41. Nxd4 c5 42. Ne2 Bb5 43. Ra3 g5 44. Rc3 Rf8 45.
Kg2 Kg6 46. f4 gxh4 47. Rxc5 Bxd3 48. Nd4 Rb2+ 49. Kh3 hxg3 50. Kxg3 Rg8
51. Kf3 Be4+ 52. Ke3 Re8 53. Rc6 Bg2 54. f5+ Kg5 55. f6 Bh3 56. Rg1+ Kh5
57. f7 Rf8 58. Rc7 Rbb8 59. Rh1 Kg4 60. Nxe6 Rfd8 61. Kd4 1-0

[Event "9th Asian Continental w"]
[Site "Olongapo City PHI"]
[Date "2010.04.21"]
[Round "1"]
[White "Meenakshi,Sub"]
[Black "Hakimifard,G"]
[Result "1/2-1/2"]
[WhiteElo "2348"]
[BlackElo "2151"]
[EventDate "2010.04.21"]

1. c4 e5 2. Nc3 Nf6 3. g3 d5 4. cxd5 Nxd5 5. Bg2 Nb6 6. Nf3 Nc6 7. O-O Be7
8. d3 O-O 9. Be3 Be6 10. Qc1 Nd5 11. Rd1 Nxe3 12. Qxe3 Bf6 13. Ne4 Nd4 14.
Nxf6+ Qxf6 15. Rdc1 Nxf3+ 16. Bxf3 c6 17. Rc5 e4 18. Bxe4 Qxb2 19. Rac1
Rae8 20. R5c2 Qa3 21. Qf4 h6 22. Rb1 Re7 23. Qd2 Bg4 24. f3 Be6 25. f4 Bd5
26. Bxd5 cxd5 27. Qb4 Qxb4 28. Rxb4 Rd8 29. Rd4 Red7 30. Kf2 Kf8 31. g4 Ke7
32. Kf3 Rd6 33. Ra4 a6 34. Rb2 R8d7 35. Rab4 b5 36. Rc2 Rb6 37. a4 Kd6 38.
Ke3 Rc6 39. Rcb2 bxa4 40. Rxa4 Ra7 41. Kd4 Rc5 42. Rb8 Rc2 43. e3 Rxh2 44.
Rd8+ Ke7 45. Rxd5 Rg2 46. g5 hxg5 47. Rxg5 Rxg5 48. fxg5 Rd7+ 49. Ke4 Rd6
50. Ra5 Rb6 51. d4 f6 52. Kf4 Rd6 53. Rc5 fxg5+ 54. Rxg5 Kf6 55. Rf5+ Ke6
56. Ra5 Kf6 57. Re5 g6 58. Rc5 Ke6 59. Ke4 Rb6 60. Kf4 Rd6 61. Rc8 Kf6 62.
Ke4 Ke6 63. Rf8 Ke7 64. Ra8 Ke6 65. Ra7 g5 66. Kf3 Kf6 67. Ra8 Kg6 68. Rc8
Kf7 69. Kg4 Kf6 70. Rc4 Re6 71. Kf3 Rb6 72. e4 a5 73. Rc5 a4 74. Ra5 Rb3+
75. Kg4 Rb4 76. Ra6+ Ke7 77. Kxg5 Rxd4 78. Kf5 Rb4 79. e5 Rb1 80. Ra7+ Ke8
81. Rxa4 Rb6 82. Rh4 Ra6 83. Rh8+ Ke7 84. Rh7+ Kd8 85. Rb7 Rc6 86. Rb5 Ke7
87. Rb7+ Ke8 88. Ke4 Ra6 89. Rc7 Kd8 90. Rg7 Ke8 91. Rg5 Ke7 92. Kf5 Rb6
93. Rh5 Ra6 94. Rh8 Rb6 95. Ra8 Rc6 96. Ra7+ Ke8 97. Ke4 Rb6 98. Kd5 Rh6
99. Kc5 Re6 100. Kd5 Rh6 101. Ra5 Ke7 102. Kc5 Re6 103. Kd5 Rh6 104. Ra7+
Ke8 105. Rc7 Rb6 106. Rc6 Rxc6 107. Kxc6 Ke7 108. Kd5 Kd7 109. e6+ Ke7 110.
Ke5 Ke8 1/2-1/2

[Event "9th Asian Continental w"]
[Site "Olongapo City PHI"]
[Date "2010.04.21"]
[Round "1"]
[White "Lkhamsuren,U"]
[Black "Muminova,N"]
[Result "1-0"]
[WhiteElo "2115"]
[BlackElo "2338"]
[EventDate "2010.04.21"]

1. e4 e5 2. Nf3 Nc6 3. Bb5 Nf6 4. O-O Nxe4 5. d4 Nd6 6. Bxc6 dxc6 7. dxe5
Nf5 8. Qxd8+ Kxd8 9. a4 a5 10. Nc3 h6 11. b3 Be6 12. Bb2 Ke8 13. Rad1 Rd8
14. Ne4 b6 15. h3 Be7 16. Rfe1 Bb4 17. Rxd8+ Kxd8 18. Re2 Be7 19. g4 Nh4
20. Nd4 c5 21. Nxe6+ fxe6 22. f4 Kc8 23. Kf2 Rf8 24. Ke3 g5 25. Nf6 Ng6 26.
fxg5 hxg5 27. Ke4 Rd8 28. Bc3 Rd1 29. Re1 Rd8 30. Rf1 Nf4 31. h4 Nd5 32.
Bb2 gxh4 33. Rh1 Rh8 34. g5 c6 35. Kf3 Bf8 36. Nxd5 cxd5 37. Kg4 Bg7 38.
Rxh4 Rg8 39. Rh7 d4 40. Kf4 Kd8 41. Bc1 Ke8 42. g6 Rf8+ 43. Ke4 Rg8 44. Rh3
Bf8 45. Rg3 Bg7 46. Bg5 Rh8 47. Bf6 Kf8 48. c3 Kg8 49. cxd4 cxd4 50. Kxd4
Rh6 51. Kc4 Bf8 52. g7 Bc5 53. Kb5 Rh1 54. Rd3 Rg1 55. Kc6 Rg2 56. Rd7 Rg1
57. Rb7 Rg3 58. Kd7 Kf7 59. Kd8+ Kg8 60. Ke8 Rg1 61. Rf7 Kh7 62. Rf8 Rxg7
63. Bxg7 Kxg7 64. Rf6 Bd4 65. Rxe6 Bc5 66. Rf6 Bd4 67. Rf7+ Kg6 68. e6 Bc5
69. e7 Bb4 70. Rf3 Bc5 71. Kd7 1-0

[Event "9th Asian Continental w"]
[Site "Olongapo City PHI"]
[Date "2010.04.21"]
[Round "1"]
[White "Pham Le Thao Nguyen"]
[Black "Xu Huahua"]
[Result "1-0"]
[WhiteElo "2338"]
[BlackElo "2082"]
[EventDate "2010.04.21"]

1. Nf3 Nf6 2. c4 g6 3. g3 Bg7 4. Bg2 O-O 5. O-O c5 6. Nc3 d6 7. b3 Nc6 8.
Bb2 Bd7 9. e3 a6 10. d4 Rb8 11. dxc5 dxc5 12. Qe2 Re8 13. Rfd1 Qc8 14. Ng5
Bg4 15. f3 Bf5 16. g4 Be6 17. h3 Na7 18. a4 h6 19. Nxe6 Qxe6 20. f4 Qb6 21.
a5 Qc7 22. h4 Nc6 23. g5 hxg5 24. hxg5 Nh5 25. Nd5 Qc8 26. Bxg7 Kxg7 27.
Kf2 e5 28. Rh1 exf4 29. Qb2+ Re5 30. Rxh5 fxe3+ 31. Nxe3 Nd4 32. Rh3 Rxg5
33. Rah1 Qc7 34. Kg1 Qe5 35. Qf2 Rh5 36. Rxh5 gxh5 37. Bd5 f6 38. Rh2 Re8
39. Nf1 Ne2+ 40. Kh1 Nf4 41. Bxb7 Rb8 42. Qf3 Kh6 43. Rf2 1-0

[Event "9th Asian Continental w"]
[Site "Olongapo City PHI"]
[Date "2010.04.21"]
[Round "1"]
[White "Mendoza,B"]
[Black "Wang Yu A"]
[Result "0-1"]
[WhiteElo "2078"]
[BlackElo "2335"]
[EventDate "2010.04.21"]

1. e4 e5 2. Bc4 Nc6 3. Nc3 Nf6 4. d3 Bb4 5. Nge2 d5 6. exd5 Nxd5 7. O-O
Nxc3 8. bxc3 Bd6 9. f4 O-O 10. f5 Na5 11. Bb3 Nxb3 12. axb3 f6 13. Ra4 Rf7
14. Ng3 g5 15. Be3 b5 16. Rg4 Bb7 17. h4 h6 18. Kf2 Bf8 19. hxg5 fxg5 20.
Kg1 a5 21. Ne4 Bxe4 22. Rxe4 a4 23. b4 a3 24. Qh5 a2 25. Qg6+ Bg7 26. Ra1
Rf6 27. Qh5 Rxf5 28. Qe2 Qd7 29. Qd2 Qf7 30. Bf2 Rf8 31. Re2 g4 32. g3 h5
33. Kg2 Qd5+ 34. Kh2 h4 35. gxh4 Bh6 36. Qe1 Rf3 37. Bg3 Rxg3 38. Kxg3 Bf4+
39. Kxg4 Qe6+ 40. Kf3 Bd2+ 0-1

[Event "9th Asian Continental w"]
[Site "Olongapo City PHI"]
[Date "2010.04.21"]
[Round "1"]
[White "Hoang Thi Bao Tram"]
[Black "Salvador,A"]
[Result "1-0"]
[WhiteElo "2318"]
[BlackElo "2058"]
[EventDate "2010.04.21"]

1. d4 d5 2. c4 c6 3. Nc3 Nf6 4. Nf3 a6 5. cxd5 cxd5 6. Bf4 Nc6 7. e3 Qb6 8.
a3 e6 9. Bd3 Be7 10. O-O O-O 11. b4 Bd7 12. Na4 Qd8 13. Nc5 Bxc5 14. bxc5
b6 15. cxb6 Qxb6 16. Rb1 Qa5 17. Qb3 Rfc8 18. Rfc1 Nd8 19. h3 h6 20. Bd6
Ba4 21. Qb2 Nc6 22. Rc5 Qd8 23. Bf4 Nd7 24. Rc3 Qe7 25. Rbc1 Na7 26. Qb7
Rd8 27. Bxa6 Bc6 28. Qb2 Nb8 29. Bd3 Bd7 30. Rc5 Nac6 31. Qc3 Be8 32. Bb5
Qb7 33. a4 Na7 34. Bxe8 Rxe8 35. Rc7 Qa6 36. Ne5 f6 37. Rxg7+ Kxg7 38. Qc7+
Kh8 39. Ng6+ Kg8 1-0

[Event "9th Asian Continental w"]
[Site "Olongapo City PHI"]
[Date "2010.04.21"]
[Round "1"]
[White "Bernales,C"]
[Black "Sukandar,I"]
[Result "0-1"]
[WhiteElo "2043"]
[BlackElo "2316"]
[EventDate "2010.04.21"]

1. e4 c5 2. Nc3 Nc6 3. f4 g6 4. Nf3 Bg7 5. Bb5 Nd4 6. O-O a6 7. Bc4 e6 8.
Nxd4 cxd4 9. Ne2 Ne7 10. Bb3 O-O 11. d3 d6 12. Ng3 Kh8 13. Kh1 f5 14. Qe2
Bd7 15. Bd2 Qb6 16. Rae1 Rae8 17. exf5 exf5 18. Qf2 Bc6 19. Re6 Nd5 20.
Rfe1 Ne3 21. Bxe3 Rxe6 22. Bxe6 dxe3 23. Qxe3 Qxb2 24. Bb3 Bf6 25. Ne2 Re8
26. Qg1 Kg7 27. Rb1 Qxb1 28. Qxb1 Rxe2 29. Qf1 Rd2 30. Qg1 Kh6 31. h3 Bh4
32. Kh2 Rf2 33. a3 Kg7 34. c3 h6 35. Be6 Kf6 36. Bg8 g5 37. fxg5+ hxg5 38.
c4 f4 39. Bd5 Bg3+ 40. Kh1 Bxd5 41. cxd5 Re2 0-1

[Event "9th Asian Continental w"]
[Site "Olongapo City PHI"]
[Date "2010.04.21"]
[Round "1"]
[White "Ding Yixin"]
[Black "Dewi,A"]
[Result "1-0"]
[WhiteElo "2315"]
[BlackElo "1945"]
[EventDate "2010.04.21"]

1. e4 c5 2. Nf3 d6 3. d4 cxd4 4. Nxd4 Nf6 5. Nc3 e6 6. Be2 a6 7. O-O Be7 8.
Be3 O-O 9. f4 Qc7 10. Kh1 Nc6 11. Qe1 Re8 12. Qg3 Nd7 13. f5 Bf6 14. fxe6
fxe6 15. Nxe6 Rxe6 16. Bc4 Nd8 17. Bxe6+ Nxe6 18. Nd5 Qxc2 19. Nxf6+ Nxf6
20. Rxf6 Qxb2 21. Raf1 Bd7 22. Rf7 Bc6 23. Qxd6 Qxa2 24. Re7 Re8 1-0

[Event "9th Asian Continental w"]
[Site "Olongapo City PHI"]
[Date "2010.04.21"]
[Round "1"]
[White "Suede,M"]
[Black "Nguyen Thi Thanh An"]
[Result "0-1"]
[WhiteElo "1949"]
[BlackElo "2309"]
[EventDate "2010.04.21"]

1. e4 g6 2. Nc3 Bg7 3. f4 c6 4. Nf3 d5 5. d3 dxe4 6. Nxe4 Nf6 7. Nxf6+ exf6
8. Be2 Qb6 9. d4 O-O 10. c3 Bg4 11. O-O Nd7 12. Qb3 Qxb3 13. axb3 a6 14.
Bd2 Rad8 15. c4 Rfe8 16. Rae1 f5 17. Bc3 Nf8 18. Ba5 Rxd4 19. Nxd4 Bxd4+
20. Kh1 Bxe2 21. Bc3 c5 22. Rf3 Re4 23. Rh3 Ne6 24. Bd2 Nxf4 25. Bxf4 Rxf4
26. Rg3 Re4 27. Rb1 f4 28. Rg5 f3 29. g3 f5 30. h4 f2 31. Kg2 f1=Q+ 32.
Rxf1 Bxf1+ 33. Kxf1 Be3 0-1

[Event "9th Asian Continental w"]
[Site "Olongapo City PHI"]
[Date "2010.04.21"]
[Round "1"]
[White "Pourkashiyan,A"]
[Black "Al Zarouni,K"]
[Result "1-0"]
[WhiteElo "2292"]
[BlackElo "1868"]
[EventDate "2010.04.21"]

1. e4 e5 2. Nf3 Nc6 3. Bc4 Bc5 4. c3 Nf6 5. d4 exd4 6. e5 d5 7. Bb5 Ne4 8.
cxd4 Bb4+ 9. Bd2 Nxd2 10. Nbxd2 Bd7 11. Bd3 O-O 12. O-O Bxd2 13. Qxd2 Qe7
14. Rac1 Bg4 15. Ng5 g6 16. Qf4 Be6 17. Qh4 h5 18. Kh1 Rfc8 19. f4 Nxd4 20.
f5 Bxf5 21. Qxd4 Qxg5 22. Bxf5 gxf5 23. Rc3 Kh7 24. Rg3 Qe7 25. Rxf5 1-0

[Event "9th Asian Continental w"]
[Site "Olongapo City PHI"]
[Date "2010.04.22"]
[Round "2"]
[White "Ding Yixin"]
[Black "Tan Zhongyi"]
[Result "1-0"]
[WhiteElo "2315"]
[BlackElo "2464"]
[EventDate "2010.04.21"]

1. e4 e5 2. Nf3 Nf6 3. Nxe5 d6 4. Nf3 Nxe4 5. d4 d5 6. Bd3 Nc6 7. O-O Be7
8. c4 Nb4 9. Be2 O-O 10. Nc3 Bf5 11. a3 Nxc3 12. bxc3 Nc6 13. cxd5 Qxd5 14.
Bf4 Rac8 15. Re1 Rfe8 16. Bd3 b5 17. a4 Bxd3 18. Qxd3 b4 19. Qb5 Qd7 20. d5
Nb8 21. cxb4 Red8 22. Qb7 Bf8 23. Red1 c5 24. Qxd7 Nxd7 25. b5 c4 26. Nd4
Bc5 27. Nc6 Re8 28. a5 c3 29. Rac1 Re4 30. Rxc3 Rxf4 31. Rxc5 Nxc5 32. Ne7+
Kf8 33. Nxc8 Ra4 34. a6 Nxa6 35. bxa6 Rxa6 36. Re1 1-0

[Event "9th Asian Continental w"]
[Site "Olongapo City PHI"]
[Date "2010.04.22"]
[Round "2"]
[White "Nguyen Thi Thanh An"]
[Black "Pham Le Thao Nguyen"]
[Result "1/2-1/2"]
[WhiteElo "2309"]
[BlackElo "2338"]
[EventDate "2010.04.21"]

1. d4 d5 2. c4 c6 3. Nf3 Nf6 4. Nc3 a6 5. e3 b5 6. b3 Bg4 7. h3 Bxf3 8.
Qxf3 e6 9. Bd2 Nbd7 10. cxd5 cxd5 11. Bd3 Rc8 12. O-O Bb4 13. Nxb5 Bxd2 14.
Nd6+ Ke7 15. Nxc8+ Qxc8 16. Qe2 Bb4 17. Bxa6 Qa8 18. a3 Bd6 19. Rfc1 g5 20.
Bb5 h5 21. a4 Qa5 22. Ra2 Ne4 23. Rac2 Ndf6 24. Rc6 Rb8 25. Qc2 Qb4 26. Rc8
Rxc8 27. Qxc8 g4 28. hxg4 hxg4 29. Qc2 Qa5 30. Bd3 Qd8 31. Qc8 Qa5 1/2-1/2

[Event "9th Asian Continental w"]
[Site "Olongapo City PHI"]
[Date "2010.04.22"]
[Round "2"]
[White "Wang Yu A"]
[Black "Pourkashiyan,A"]
[Result "1-0"]
[WhiteElo "2335"]
[BlackElo "2292"]
[EventDate "2010.04.21"]

1. e4 c5 2. Nf3 e6 3. d4 cxd4 4. Nxd4 a6 5. Nc3 Qc7 6. Bd3 Nf6 7. Qe2 d6 8.
f4 Nbd7 9. g4 h6 10. Bd2 b5 11. a3 Bb7 12. f5 e5 13. Nb3 Nc5 14. h4 d5 15.
Nxc5 Bxc5 16. exd5 O-O-O 17. O-O-O Nxd5 18. Be4 Bd4 19. Nxd5 Bxd5 20. Kb1
Qc4 21. Qxc4+ bxc4 22. Bxd5 Rxd5 23. Bc1 Rhd8 24. f6 gxf6 25. Bxh6 e4 26.
Rhe1 c3 27. bxc3 Rb5+ 28. Kc1 Bf2 29. Rxd8+ Kxd8 30. Rxe4 Bxh4 31. c4 Ra5
32. Kb2 Bg3 33. Bf4 Bh4 34. Kb3 Rc5 35. Rd4+ Kc8 36. Rd5 Rc6 37. c5 Bf2 38.
Bd6 Kb7 39. Kc4 Rc8 40. Rd2 Bg1 41. Re2 Rg8 42. Re7+ Ka8 43. Kd5 Rxg4 44.
Kc6 Rd4 45. Re8+ 1-0

[Event "9th Asian Continental w"]
[Site "Olongapo City PHI"]
[Date "2010.04.22"]
[Round "2"]
[White "Wang Jue"]
[Black "Hoang Thi Bao Tram"]
[Result "1/2-1/2"]
[WhiteElo "2180"]
[BlackElo "2318"]
[EventDate "2010.04.21"]

1. e4 c6 2. d4 d5 3. Nd2 g6 4. Ngf3 Bg7 5. c3 Nh6 6. Bd3 O-O 7. O-O a5 8.
Bc2 Na6 9. Re1 Nc7 10. h3 dxe4 11. Nxe4 Nf5 12. Bf4 Nd5 13. Bh2 Bh6 14. Bb3
Ng7 15. Ne5 Ne6 16. c4 a4 17. cxd5 cxd5 18. Bxa4 dxe4 19. Bb3 Nxd4 20. Nxf7
Rxf7 21. Rxe4 Bg7 22. Be5 Bxe5 23. Bxf7+ Kxf7 24. Rxe5 Qd6 25. Re4 Nc6 26.
Qf3+ Kg7 27. Rf4 Be6 28. Rd1 Qe5 29. Re4 Qf6 30. Qxf6+ Kxf6 31. a3 Bf5 32.
Re3 h5 33. b4 Ne5 34. Rc3 Be6 35. Rd4 g5 36. f4 gxf4 37. Rxf4+ Bf5 38. Rh4
Kg5 39. Rd4 e6 40. b5 Kf6 41. a4 Ng6 42. Rc1 h4 43. Rc7 Ke5 44. Rdc4 Rd8
45. Rxb7 1/2-1/2

[Event "9th Asian Continental w"]
[Site "Olongapo City PHI"]
[Date "2010.04.22"]
[Round "2"]
[White "Ju Wenjun"]
[Black "Meenakshi,Sub"]
[Result "1-0"]
[WhiteElo "2500"]
[BlackElo "2348"]
[EventDate "2010.04.21"]

1. d4 Nf6 2. c4 c5 3. d5 b5 4. cxb5 a6 5. bxa6 g6 6. Nc3 Bxa6 7. Nf3 d6 8.
e4 Bxf1 9. Kxf1 Bg7 10. g3 O-O 11. Kg2 Nbd7 12. h3 Ra6 13. Qc2 Qa8 14. Re1
Rb8 15. Nd2 e6 16. dxe6 fxe6 17. b3 Ne5 18. Bb2 Nc6 19. Nf3 Nd7 20. a4 Nde5
21. Nxe5 Nd4 22. Qd1 Rxb3 23. Nd3 c4 24. Ra3 Rxa3 25. Bxa3 cxd3 26. Qxd3
Rc6 27. Bb4 Rb6 28. Rb1 Qb7 29. Ba3 Rb3 30. Qd1 d5 31. exd5 Rxb1 32. Qxb1
Qxb1 33. Nxb1 exd5 34. Bc5 Nc6 35. Bb6 Kf7 36. a5 Nb4 37. Nd2 Ke6 38. Nb3
Kd7 39. f4 Kc6 40. g4 Kb5 41. Kf3 Kc4 42. Nc5 Kb5 43. Ne6 Bc3 44. f5 Nc2
45. Ke2 Nb4 46. Bd4 Bxd4 47. Nxd4+ Kc5 48. f6 Kd6 49. g5 Kd7 50. Kd2 Ke8
51. Kc3 Na6 52. Kb3 Kf7 53. Ka4 h6 54. h4 1-0

[Event "9th Asian Continental w"]
[Site "Olongapo City PHI"]
[Date "2010.04.22"]
[Round "2"]
[White "Hakimifard,G"]
[Black "Kiran,M"]
[Result "1/2-1/2"]
[WhiteElo "2151"]
[BlackElo "2259"]
[EventDate "2010.04.21"]

1. e4 c5 2. Nf3 Nc6 3. d4 cxd4 4. Nxd4 Nf6 5. Nc3 d6 6. g3 Bg4 7. f3 Bd7 8.
Be3 a6 9. Qd2 e6 10. g4 Nxd4 11. Qxd4 Bc6 12. O-O-O Nd7 13. Be2 Qa5 14. Kb1
b5 15. a3 Be7 16. g5 O-O 17. Qd2 Qc7 18. h4 Rab8 19. h5 a5 20. g6 b4 21.
axb4 axb4 22. Na2 d5 23. h6 fxg6 24. Bd4 Qf4 25. Be3 Qf6 26. Bd4 Qf4 27.
Be3 Qf6 28. Bd4 Qf4 1/2-1/2

[Event "9th Asian Continental w"]
[Site "Olongapo City PHI"]
[Date "2010.04.22"]
[Round "2"]
[White "Sachdev,T"]
[Black "Salvador,A"]
[Result "1-0"]
[WhiteElo "2393"]
[BlackElo "2058"]
[EventDate "2010.04.21"]

1. d4 d5 2. c4 c6 3. Nf3 Nf6 4. Nc3 a6 5. cxd5 cxd5 6. Bf4 Nc6 7. Rc1 Bf5
8. e3 e6 9. Bd3 Bxd3 10. Qxd3 Bd6 11. Bg5 h6 12. Bh4 Rc8 13. O-O O-O 14. a3
b5 15. b4 Be7 16. Nd2 g5 17. Bg3 Nd7 18. f4 f5 19. fxg5 hxg5 20. Nb3 Nb6
21. Nc5 Bxc5 22. bxc5 Nc4 23. Nb1 Qa5 24. Qe2 Kg7 25. Be1 Qc7 26. Nd2 N6a5
27. Bg3 Qd8 28. Nxc4 Nxc4 29. Rxc4 dxc4 30. Bd6 Kg6 31. Bxf8 Qxf8 32. g4
Qe7 33. Qf3 Qd7 34. Qh3 fxg4 35. Qxg4 Qd5 36. Rf2 Rf8 37. h4 Kg7 38. hxg5
Rh8 39. Rf3 c3 40. Qf4 Qf5 41. Qc7+ Kg6 42. Rxf5 exf5 1-0

[Event "9th Asian Continental w"]
[Site "Olongapo City PHI"]
[Date "2010.04.22"]
[Round "2"]
[White "Muminova,N"]
[Black "Bernales,C"]
[Result "1/2-1/2"]
[WhiteElo "2338"]
[BlackElo "2043"]
[EventDate "2010.04.21"]

1. e4 e6 2. d4 d5 3. e5 c5 4. c3 Qb6 5. Nf3 Bd7 6. Be2 Bb5 7. dxc5 Bxc5 8.
O-O Bxe2 9. Qxe2 Qa6 10. Qd2 Ne7 11. b4 Bb6 12. a4 Qc4 13. a5 Bd8 14. Nd4
O-O 15. f4 a6 16. Na3 Qc8 17. Qd3 Nbc6 18. Nf3 f6 19. exf6 Rxf6 20. Bd2 Bc7
21. g3 e5 22. fxe5 Nxe5 23. Nxe5 Bxe5 24. Bg5 Qxc3 25. Qxc3 Bxc3 26. Bxf6
gxf6 27. Rab1 Nc6 28. Kg2 Re8 29. b5 Nxa5 30. bxa6 bxa6 31. Rb6 Re2+ 32.
Kf3 Ra2 33. Nb1 Be5 34. Rxa6 Ra1 35. Rd1 d4 36. Ke4 Kg7 37. h4 h5 38. Rf1
Kg6 39. Re1 Ra2 40. Ra8 Ra1 41. Rd1 Ra4 42. Kf3 Kf5 43. Rd3 Rb4 44. Nd2 Nc4
45. Nxc4 Rxc4 46. Rh8 Kg6 47. Rg8+ Kf5 48. Rh8 Kg6 49. Ke4 Rc5 50. Rg8+ Kf7
51. Ra8 Kg6 52. Rf3 Rc1 53. Rg8+ Kf7 54. Rh8 Kg6 55. Rg8+ Kf7 56. Rh8 Kg6
57. Rg8+ Kf7 1/2-1/2

[Event "9th Asian Continental w"]
[Site "Olongapo City PHI"]
[Date "2010.04.22"]
[Round "2"]
[White "Hoang Thi Nhu Y"]
[Black "Dewi,A"]
[Result "1/2-1/2"]
[WhiteElo "2200"]
[BlackElo "1945"]
[EventDate "2010.04.21"]

1. Nf3 Nf6 2. b3 b6 3. e3 e6 4. Bb2 Be7 5. h3 d5 6. Be2 Bb7 7. O-O O-O 8.
Ne5 Nbd7 9. f4 c5 10. Bf3 Qc7 11. d3 Nxe5 12. Bxe5 Qd7 13. a4 Ne8 14. a5
Bf6 15. axb6 axb6 16. Rxa8 Bxa8 17. Nc3 Bxe5 18. fxe5 Nc7 19. Na4 Rb8 20.
d4 Bc6 21. Nc3 Rf8 22. Qe1 f6 23. exf6 Rxf6 24. Qg3 Ne8 25. Ra1 Rf8 26. Qe5
Nd6 27. Bg4 Re8 28. Ne2 Nf7 29. Qg3 Nh6 30. Bh5 Rf8 31. Qe5 g6 32. Bf3 Re8
33. Qf4 Nf7 34. Bg4 h5 35. Bf3 e5 36. Qg3 Kh7 37. Rf1 Qe6 38. Kh1 Nh6 39.
dxe5 Nf5 40. Qg5 Qe7 41. Qf4 Qxe5 42. Qxe5 Rxe5 43. Ra1 Rxe3 44. Nf4 Nd4
45. Ra7+ Kh6 46. Bxd5 Bxd5 47. Nxd5 Re1+ 48. Kh2 Nxc2 49. Rb7 Nd4 50. Rxb6
Re6 51. Rb7 Kg5 52. b4 cxb4 53. Rxb4 1/2-1/2

[Event "9th Asian Continental w"]
[Site "Olongapo City PHI"]
[Date "2010.04.22"]
[Round "2"]
[White "Xu Huahua"]
[Black "Suede,M"]
[Result "1-0"]
[WhiteElo "2082"]
[BlackElo "1949"]
[EventDate "2010.04.21"]

1. e4 e6 2. d4 d5 3. Nc3 Nf6 4. Bg5 dxe4 5. Nxe4 Be7 6. Nxf6+ Bxf6 7. Bxf6
Qxf6 8. Nf3 Nd7 9. Bd3 c5 10. O-O cxd4 11. Bb5 O-O 12. Qxd4 Qxd4 13. Nxd4
a6 14. Be2 Nc5 15. f4 b5 16. c4 bxc4 17. Bxc4 Bb7 18. f5 Rfd8 19. Rad1 e5
20. Nb3 Na4 21. Na5 Rxd1 22. Rxd1 Nxb2 23. Bxf7+ Kxf7 24. Rd7+ Kf8 25. Nxb7
Nc4 26. Nc5 Rb8 27. Ne6+ Ke8 28. Rxg7 Rb1+ 29. Kf2 Nd6 30. g4 Rb2+ 31. Kg3
h5 32. h3 Rxa2 33. Kh4 hxg4 34. hxg4 Rf2 35. Kg5 Ne4+ 36. Kg6 a5 37. Ra7
Rg2 38. g5 a4 39. Rxa4 Nd6 40. Ra7 Nc8 41. f6 Nxa7 42. f7+ Ke7 43. f8=Q+
Kxe6 44. Qf6+ Kd7 45. Qf7+ Kd6 46. Qxa7 Rc2 47. Qa3+ Rc5 48. Kf5 1-0

[Event "9th Asian Continental w"]
[Site "Olongapo City PHI"]
[Date "2010.04.22"]
[Round "2"]
[White "Al Zarouni,K"]
[Black "Mendoza,B"]
[Result "0-1"]
[WhiteElo "1868"]
[BlackElo "2078"]
[EventDate "2010.04.21"]

1. e4 e5 2. Nf3 Nc6 3. Bc4 Bc5 4. c3 Nf6 5. d3 O-O 6. h3 d6 7. Bb3 Qe7 8.
Nbd2 Be6 9. Bc2 a5 10. Nf1 d5 11. Qe2 Rad8 12. Bg5 b5 13. g4 dxe4 14. dxe4
Bc4 0-1

[Event "9th Asian Continental w"]
[Site "Olongapo City PHI"]
[Date "2010.04.23"]
[Round "3"]
[White "Sukandar,I"]
[Black "Wang Yu A"]
[Result "0-1"]
[WhiteElo "2316"]
[BlackElo "2335"]
[EventDate "2010.04.21"]

1. e4 e5 2. Nf3 Nc6 3. Bc4 Nf6 4. d3 Be7 5. O-O O-O 6. Re1 d6 7. a4 Na5 8.
Ba2 c5 9. Bd2 Nc6 10. Nc3 h6 11. h3 Re8 12. Nd5 Nxd5 13. exd5 Nb8 14. b4
cxb4 15. Bxb4 Na6 16. Ba3 Bf5 17. Bc4 Nc7 18. Rb1 Rb8 19. Qd2 b6 20. Qb4
Bf8 21. Re3 a6 22. Bb3 Kh8 23. Rbe1 Bh7 24. a5 b5 25. Nd2 f5 26. f4 Bg8 27.
fxe5 Nxd5 28. Bxd5 dxe5 29. Qb2 Bxa3 30. Qxa3 Qxd5 31. Nf3 e4 32. Qb4 Bh7
33. dxe4 Rxe4 34. Rxe4 fxe4 35. Nd4 Re8 36. Re3 Bg6 37. c3 Qg5 38. Re1 Qg3
39. Rf1 Kh7 40. Qc5 e3 41. Ne2 Qh4 42. Qc6 Qc4 43. Qxc4 bxc4 44. Nd4 Bd3
45. Re1 Re5 46. Ra1 Rg5 47. Ra2 h5 48. Ra1 Kg6 49. Ra2 Kf6 50. Ra1 g6 51.
Ra2 Re5 52. Ra1 g5 53. g3 g4 54. hxg4 hxg4 55. Re1 Kg5 56. Ra1 Kg6 57. Re1
Kg7 58. Nc6 Re8 59. Nd4 Kg6 60. Nc6 e2 61. Nd4 Re5 62. Kf2 Rxa5 63. Ke3
Re5+ 64. Kd2 a5 65. Ra1 a4 66. Ke1 Ra5 67. Kd2 a3 68. Nxe2 Bxe2 69. Kxe2
Kf5 70. Ke3 Ke5 71. Rh1 Ra4 72. Rh5+ Kf6 73. Rh6+ Kg5 74. Rh1 Kf5 75. Rh5+
Kf6 76. Rh6+ Kg5 77. Rh1 a2 78. Ra1 Kf5 79. Kd4 Ra8 80. Rf1+ Ke6 81. Ra1
Ra4 82. Kc5 Ke5 83. Kb5 Ra8 84. Kxc4 Ke4 85. Kb5 Kd3 86. c4 Kc3 87. c5 Kb2
0-1

[Event "9th Asian Continental w"]
[Site "Olongapo City PHI"]
[Date "2010.04.23"]
[Round "3"]
[White "Ju Wenjun"]
[Black "Ding Yixin"]
[Result "1/2-1/2"]
[WhiteElo "2500"]
[BlackElo "2315"]
[EventDate "2010.04.21"]

1. d4 Nf6 2. c4 e6 3. g3 Bb4+ 4. Bd2 Bxd2+ 5. Qxd2 d5 6. Nf3 O-O 7. Bg2
Nbd7 8. O-O c6 9. Qc2 b6 10. Nbd2 Bb7 11. e4 c5 12. cxd5 exd5 13. e5 Ne4
14. Nxe4 dxe4 15. Nh4 cxd4 16. Bxe4 Bxe4 17. Qxe4 Nc5 18. Qg4 Qd7 19. Qxd7
Nxd7 20. Nf3 Rae8 21. Rfe1 Re7 22. Rad1 Rfe8 23. Rxd4 f6 24. Kg2 Nxe5 25.
Nxe5 Rxe5 26. Rxe5 Rxe5 27. Rd7 Re2 28. Rxa7 Rxb2 29. Ra8+ Kf7 30. Ra7+ Kg8
1/2-1/2